000 00778cam a22002653a 4500
001 19047
003 PGUSA
005 20140828083414.0
008 060814s2006||||xxu|||||s|||||000 1 eng d
040 _aPGUSA
_beng
042 _adc
050 4 _aPT
100 1 _aAuerbach, Berthold,
_d1812-1882
245 1 0 _aSysmäläinen :
_bKyläinen tarina
_h[electronic resource] /
_cBerthold Auerbach
260 _bProject Gutenberg,
_c2006
506 _aPublic domain in the USA.
516 _aElectronic text
653 _aVillages -- Fiction
653 _aCountry life -- Fiction
653 _aBlack Forest (Germany) -- Fiction
700 1 _aGenetz, Arvid,
_d1848-1915
830 0 _aProject Gutenberg
_v19047
856 4 0 _uhttp://www.gutenberg.org/ebooks/19047
942 _cEB
999 _c248302
_d248302